<?xml version="1.0" encoding="UTF-8"?>
<record
    xmlns:xsi="http://www.w3.org/2001/XMLSchema-instance"
    xsi:schemaLocation="http://www.loc.gov/MARC21/slim http://www.loc.gov/standards/marcxml/schema/MARC21slim.xsd"
    xmlns="http://www.loc.gov/MARC21/slim">

  <leader>01985    a2200241   4500</leader>
  <controlfield tag="001">4083</controlfield>
  <controlfield tag="005">20260407155431.0</controlfield>
  <controlfield tag="008">260407a2009    arg                 spa d</controlfield>
  <controlfield tag="003">AR-UNSa-BCEJYS</controlfield>
  <datafield tag="040" ind1=" " ind2=" ">
    <subfield code="a">AR-UNSa-BCEJYS</subfield>
    <subfield code="b">spa</subfield>
    <subfield code="c">AR-UNSa-BCEJYS</subfield>
  </datafield>
  <datafield tag="080" ind1=" " ind2=" ">
    <subfield code="a">351.71</subfield>
    <subfield code="x">Bienes p&#xFA;blicos. Obras p&#xFA;blicas. Impuestos (Contrataci&#xF3;n p&#xFA;blica)</subfield>
  </datafield>
  <datafield tag="245" ind1="1" ind2="0">
    <subfield code="a">El contrato administrativo</subfield>
  </datafield>
  <datafield tag="020" ind1=" " ind2=" ">
    <subfield code="a">978-950-20-1938-3</subfield>
  </datafield>
  <datafield tag="250" ind1=" " ind2=" ">
    <subfield code="a">3a. ed.</subfield>
  </datafield>
  <datafield tag="264" ind1=" " ind2="1">
    <subfield code="a">Buenos Aires :</subfield>
    <subfield code="b">Abeledo Perrot</subfield>
    <subfield code="c">2009</subfield>
  </datafield>
  <datafield tag="300" ind1=" " ind2=" ">
    <subfield code="a">482 p.</subfield>
    <subfield code="c">24 cm.</subfield>
  </datafield>
  <datafield tag="505" ind1=" " ind2=" ">
    <subfield code="a">1. La contrataci&#xF3;n p&#xFA;blica - 2. El r&#xE9;gimen de contrataciones - 3. Los procedimientos de selecci&#xF3;n del contratista estatal y la adjudicaci&#xF3;n del contrato - 4. Los efectos del contrato administrativo, sus elementos y el r&#xE9;gimen de ejecuci&#xF3;n contractual - 5. La extinci&#xF3;n de los contratos administrativos - 6. Cuestiones inherentes a la contrataci&#xF3;n administrativa en el &#xE1;mbito del servicio p&#xFA;blico - 7. La emergencia y su incidencia en los contratos que tienen por objeto la presentaci&#xF3;n de servicios p&#xFA;blicos - 8. La participaci&#xF3;n p&#xFA;blica y los servicios p&#xFA;blicos - 9. Facultades reglamentarias del ente regulador. Control de los servicios p&#xFA;blicos - 10.Impugnaci&#xF3;n administrativa  judicial de los actos relativos a la celebraci&#xF3;n, ejecuci&#xF3;n, modificacion y extinci&#xF3;n de los contratos de la administraci&#xF3;n - 11. El desarrollo de infraestructura p&#xFA;blicas:Nuevos mecanismos de financiamiento vinculados con la actividad contractual de la administraci&#xF3;n, en especial la colaboraci&#xF3;n y/o asociaci&#xF3;n entre los particulares y el estado: Introducci&#xF3;n - El r&#xE9;gimen de iniciativa privada - La financiaci&#xF3;n estatal y/o privada de las infraestructura p&#xFA;blicas. Esquema contractual   </subfield>
  </datafield>
  <datafield tag="041" ind1=" " ind2=" ">
    <subfield code="a">spa</subfield>
  </datafield>
  <datafield tag="942" ind1=" " ind2=" ">
    <subfield code="c">BK</subfield>
  </datafield>
  <datafield tag="590" ind1=" " ind2=" ">
    <subfield code="a">niveau_biblio:m niveau_hierar:0</subfield>
  </datafield>
  <datafield tag="100" ind1="1" ind2=" ">
    <subfield code="a">Cassagne, Juan Carlos</subfield>
  </datafield>
  <datafield tag="856" ind1="4" ind2="1">
    <subfield code="u">https://biblioeco.unsa.edu.ar/pmb/images/libros/El Contrato Administrativo-l118399.jpg</subfield>
    <subfield code="y">Imagen de portada</subfield>
    <subfield code="q">image/jpeg</subfield>
  </datafield>
  <datafield tag="999" ind1=" " ind2=" ">
    <subfield code="c">389</subfield>
    <subfield code="d">389</subfield>
  </datafield>
  <datafield tag="952" ind1=" " ind2=" ">
    <subfield code="0">0</subfield>
    <subfield code="1">0</subfield>
    <subfield code="4">0</subfield>
    <subfield code="7">0</subfield>
    <subfield code="a">BCEJYS</subfield>
    <subfield code="b">BCEJYS</subfield>
    <subfield code="c">16</subfield>
    <subfield code="d">2026-04-07</subfield>
    <subfield code="l">0</subfield>
    <subfield code="o">351.71 C343</subfield>
    <subfield code="p">L118399</subfield>
    <subfield code="r">2026-04-07 15:54:31</subfield>
    <subfield code="w">2026-04-07</subfield>
    <subfield code="y">L</subfield>
  </datafield>
</record>
